Documento de consulta : nueva evangelización, promoción humana, cultura cristiana /

Gorde:
Xehetasun bibliografikoak
Erakunde egilea: Conferencia General del Episcopado Latinoamericano ( Santo Domingo, República Dominicana)
Formatua: Konferentzia-aktak Liburua
Argitaratua: Santo Domingo, República Dominicana : Conferencia General del Episcopado Latinoamericano, 1992
Gaiak:
Etiketak: Etiketa erantsi
Etiketarik gabe, Izan zaitez lehena erregistro honi etiketa jartzen!

MARC

LEADER 00000nam^a2200000^u^4500
001 000544492
005 20250521000000.0
008 060220s1992^^^^^^^^^^^^r^^^^^000^0^spa^d
009 20260310131328.967
035 |a FMI 000013682 
037 |a Acervo Xavier Clavigero 
096 |a 5.4.4/56/B-B5 
111 |a Conferencia General del Episcopado Latinoamericano (  |n 4ª :  |d 1992 :  |c Santo Domingo, República Dominicana) 
245 1 0 |a Documento de consulta :  |b nueva evangelización, promoción humana, cultura cristiana / 
264 1 |a Santo Domingo, República Dominicana :  |b Conferencia General del Episcopado Latinoamericano,  |c 1992 
300 |a 194 p. 
336 |a texto  |b txt  |2 rdacontenido 
337 |a sin mediación  |b n  |2 rdamedio 
338 |a volumen  |b nc  |2 rdasoporte 
649 |a XX 
650 |a DOCUMENTOS ECLESIASTICOS 
910 |a Fondo Francisco Migoya Covarrubias S.J. 
920 |a Impresos - Libros 
930 |a Fondos Especiales 
905 |a 134 
901 |a SBC16469  |b IT2  |c ESP  |u 20250521 
901 |a SBC17713  |b IT2  |c ESP  |u 20250521 
901 |a SBC18246  |b IT2  |c ESP  |u 20250521 
901 |a SBC18467  |b IT2  |c ESP  |u 20250521 
901 |a SBC22393  |b IT2  |c ESP  |u 20250521 
902 |a https://opac.biblio.iteso.mx/vufind/Record/000544492